000 00342cam a2200145ua 4500
041 _aeng
_h
082 _a517.2
_bWYL/CA
100 _aWylie, C R .
245 _aCalculus /
_cC R Wylie.
_hTextual Documents
260 _aLondon :
_bMc Graw Hill Book Company ,
_c1953.
300 _a565 ; .
504 _a
942 _cBK
999 _c519
_d519